000 00557nam a22001817a 4500
005 20251108171851.0
008 250721s1996 xx 000 0 ara d
082 1 4 _a628.5/عوض
100 1 _aعوض، عادل رفقي
245 1 0 _aالتلوث الصناعي : النفايات السائلة /
264 1 _aبيروت :
_bالمركز العربي للمطبوعات،
_c1996.
300 _a233ص.
650 1 7 _aالهندسة الصحية
650 1 7 _aالتلوث
650 1 7 _aهندسة البيئة
942 _2ddc
_cBK
999 _c64680
_d64680